000 00657nam a2200277Ia 4500
005 20260324142545.0
008 008 260324s9999 xx 000 0 eng d
020 _a9780203068564
037 _aEBOOK
040 _aCRL
040 _beng
040 _cCRL
041 _2eng
041 _aeng
084 _qCRL
100 _aGregory Ashworth; Peter Larkham
_91212383
245 0 _aBuilding A New Heritage (RLE Tourism)
260 _bTaylor and Francis
260 _c1994
365 _a
365 _b230
856 _uhttp://www.taylorfrancis.com/books/9780203068564
942 _cEBOOK
999 _c1816712
_d1816712